NCAA Tournament MOP Quiz Stats

 Plays Quiz Updated Apr 9, 2019

Score 0/81 Timer 08:00
6 Plays Today
Year Winner % Correct
2006Joakim Noah
81%
2003Carmelo Anthony
79%
2012Anthony Davis
77.7%
1979Earvin Johnson
74.4%
1967Lew Alcindor
64.3%
1968Lew Alcindor
64.3%
1969Lew Alcindor
64.3%
1984Patrick Ewing
64.2%
1972Bill Walton
63.4%
1973Bill Walton
63.4%
1991Christian Laettner
61.3%
2019Kyle Guy
59.8%
2005Sean May
58.3%
2004Emeka Okafor
58.1%
2008Mario Chalmers
56.8%
2015Tyus Jones
55%
1993Donald Williams
54.4%
2014Shabazz Napier
52%
2007Corey Brewer
51.4%
1999Richard Hamilton
50.9%
1983Hakeem Olajuwon
50.7%
1982James Worthy
49.2%
2001Shane Battier
48.7%
2002Juan Dixon
48.5%
1988Danny Manning
48%
2000Mateen Cleaves
47.6%
1955Bill Russell
44.6%
Year Winner % Correct
1992Bobby Hurley
43.9%
1981Isiah Thomas
43.3%
2009Wayne Ellington
40.5%
1957Wilt Chamberlain
40.2%
1959Jerry West
39.6%
1989Glen Rice
34.8%
2010Kyle Singler
34%
1995Ed O'Bannon
34%
2017Joel Berry II
33.8%
1994Corliss Williamson
32.3%
2011Kemba Walker
32.1%
1997Miles Simon
30.8%
2018Donte DiVincenzo
30.7%
2013Luke Hancock
30.2%
1974David Thompson
29.3%
1987Keith Smart
28.9%
1986Pervis Ellison
28.7%
1965Bill Bradley
27.2%
1960Jerry Lucas
24%
1961Jerry Lucas
24%
2016Ryan Arcidiacono
21.4%
1996Tony Delk
20.9%
1958Elgin Baylor
19.1%
1990Anderson Hunt
16.2%
1985Ed Pinckney
14.6%
1976Kent Benson
13.8%
1980Darrell Griffith
11.9%
Year Winner % Correct
1977Butch Lee
9.8%
1998Jeff Sheppard
9.6%
1978Jack Givens
8.4%
1954Tom Gola
7.2%
1970Sidney Wicks
6.2%
1964Walt Hazzard
6.1%
1971*Howard Porter
5.5%
1975Richard Washington
4.3%
1963Art Heyman
4.3%
1948Alex Groza
3.9%
1949Alex Groza
3.9%
1945Bob Kurland
3.8%
1946Bob Kurland
3.8%
1966Jerry Chambers
3.7%
1952Clyde Lovellette
3.7%
1944Arnie Ferrin
1.7%
1956Hal Lear
1.6%
1962Paul Hogue
1.5%
1953B. H. Born
1.5%
1951Bill Spivey
1.4%
1939Jimmy Hull
1.2%
1943Ken Sailors
1.1%
1940Marvin Huffman
1%
1941John Kotz
0.9%
1947George Kaftan
0.9%
1942Howie Dallmar
0.8%
1950Irwin Dambrot
0.8%

You're not logged in!

Compare scores with friends on all Sporcle quizzes.
OR
Log In

Sporcle TV

Today on Sporcle TV


Watch our educational content, quiz creation guides, and fun videos on Sporcle TV.

Show Comments

Extras

Top Quizzes Today


Score Distribution

Your Account Isn't Verified!

In order to create a playlist on Sporcle, you need to verify the email address you used during registration. Go to your Sporcle Settings to finish the process.

Report this User

Report this user for behavior that violates our Community Guidelines.

Details: